Enterprise's Process Innovations in the Context of Enterprise's Financial Performance

Hodnotenie dopadu procesných inovácií na zvýšenie finančnej výkonnosti podniku s poukázaním na vývojovú implementáciu procesných inovácií ako základných aspektov merania a zlepšovania finančnej výkonnosti podniku. Epistemológia ako základná metóda výskumu.

Guardado en:
Detalles Bibliográficos
Autor principal: Kicová, Marianna
Formato: Capítulo de libro
Lenguaje:inglés
Materias:
Etiquetas: Agregar Etiqueta
Sin Etiquetas, Sea el primero en etiquetar este registro!

MARC

LEADER 00000naa a2200000 4500
001 0259255
005 20240502083737.8
041 0 |a eng 
044 |a RS 
245 1 0 |a Enterprise's Process Innovations in the Context of Enterprise's Financial Performance  |c Marianna Kicová 
520 |a Hodnotenie dopadu procesných inovácií na zvýšenie finančnej výkonnosti podniku s poukázaním na vývojovú implementáciu procesných inovácií ako základných aspektov merania a zlepšovania finančnej výkonnosti podniku. Epistemológia ako základná metóda výskumu. 
610 2 0 |a výkonnosť podniku 
610 2 0 |a financie 
610 2 0 |a inovácia 
610 2 0 |a podnik 
610 2 0 |a riadenie procesné 
100 1 |a Kicová, Marianna